[Event "1.GRS Open"]
[Site "Ober-Ramstadt, Modauhalle"]
[Date "2024.07.26"]
[Round "1.54"]
[White "Aurich, Michael"]
[Black "Raudonat, Luca"]
[Result "0-1"]
[WhiteElo "1644"]
[BlackElo "1832"]
[PlyCount "34"]
[EventDate "2024.07.26"]
[WhiteTeam "SAbt TEC Darmstadt"]
[BlackTeam "SC Ramstein-Miesenbach"]

1. d4 Nf6 2. c4 g6 3. Nc3 d5 4. cxd5 Nxd5 5. e4 Nxc3 6. bxc3 Bg7 7. Nf3 c5 8. Be2 Nc6 9. Be3 Bg4 10. Qd2 Bxf3 11. Bxf3 cxd4 12. cxd4 Nxd4 13. Bxd4 Bxd4 14. Rd1 e5 15. O-O O-O 16. Rb1 b6 17. Be2 Bxf2+ 0-1

[Event "1.GRS Open"]
[Site "Ober-Ramstadt, Modauhalle"]
[Date "2024.07.26"]
[Round "1.56"]
[White "Witt, Alexander"]
[Black "Gläßer, Vanessa"]
[Result "0-1"]
[WhiteElo "1637"]
[BlackElo "1819"]
[PlyCount "86"]
[EventDate "2024.07.26"]
[WhiteTeam "Vorw.Orient Mainz"]
[BlackTeam "SC Ladja Roßdorf"]

1. e4 c5 2. Nf3 Nc6 3. d4 cxd4 4. Nxd4 g6 5. Be3 Bg7 6. c3 Nf6 7. Nd2 d5 8. e5 Nxe5 9. Bb5+ Bd7 10. Qa4 a6 11. Bxd7+ Qxd7 12. Qxd7+ Nfxd7 13. O-O Nd3 14. Rab1 e5 15. N4f3 f5 16. Ne1 Nxe1 17. Rfxe1 Kf7 18. Nf3 f4 19. Bd2 h6 20. Rbd1 Rhe8 21. Bc1 Nb6 22. b3 Rad8 23. Re2 g5 24. Ba3 g4 25. Ne1 Rc8 26. Bb4 Ke6 27. Red2 Red8 28. Ba5 Rd6 29. Bxb6 Rxb6 30. Rxd5 Rxc3 31. Rd7 Bf6 32. Kf1 Be7 33. R7d2 Rd6 34. f3 Rxd2 35. Rxd2 g3 36. hxg3 fxg3 37. Nd3 Bg5 38. Rd1 Kf5 39. Nb4 a5 40. Nd5 Rc2 41. a3 Rf2+ 42. Ke1 Rxg2 43. Kf1 Rf2+ 0-1

[Event "1.GRS Open"]
[Site "Ober-Ramstadt, Modauhalle"]
[Date "2024.07.26"]
[Round "1.58"]
[White "Shanmuganathan, Adhav"]
[Black "Kovalskyy, Alicia"]
[Result "0-1"]
[WhiteElo "1611"]
[BlackElo "1762"]
[PlyCount "92"]
[EventDate "2024.07.26"]
[WhiteTeam "SV 1934 Ffm-Griesheim"]
[BlackTeam "Düsseldorfer SV 1854"]

1. e4 e5 2. Nf3 Nc6 3. d4 exd4 4. Bc4 Nf6 5. e5 d5 6. Bb5 Ne4 7. Nxd4 Bd7 8. Nxc6 bxc6 9. Bd3 Bc5 10. O-O O-O 11. Nd2 Bf5 12. Nxe4 dxe4 13. Bc4 Qe7 14. Bf4 Rad8 15. Qe2 Bd4 16. Qh5 Bg6 17. Qg5 Qxg5 18. Bxg5 Rde8 19. c3 Bxe5 20. Rad1 Bd6 21. Be3 a5 22. a4 Rb8 23. Rd2 Rfe8 24. g4 h5 25. h3 Kf8 26. f4 exf3 27. Rxf3 hxg4 28. hxg4 Re4 29. Bxf7 Bxf7 30. Rdf2 Rxe3 31. Rxe3 Bc5 32. Rxf7+ Kxf7 33. Kf2 Rxb2+ 34. Kf3 Bxe3 35. Kxe3 Rg2 36. g5 Rxg5 37. Kd3 Rd5+ 38. Kc4 g5 39. Kb3 g4 40. c4 Rf5 41. c5 g3 42. Kc4 g2 43. Kd3 g1=Q 44. Ke4 Ke6 45. Kd3 Qg3+ 46. Ke4 Rf4# 0-1

[Event "1.GRS Open"]
[Site "Ober-Ramstadt, Modauhalle"]
[Date "2024.07.26"]
[Round "1.61"]
[White "Gnad, Gunnar"]
[Black "Dick, Markus"]
[Result "1/2-1/2"]
[WhiteElo "1807"]
[BlackElo "1590"]
[PlyCount "42"]
[EventDate "2024.07.26"]
[WhiteTeam "Gambit Bonneweg"]
[BlackTeam "SV 1934 Ffm-Griesheim"]

1. c4 e5 2. Nc3 Nf6 3. Nf3 Nc6 4. e3 Bb4 5. Qc2 d6 6. Be2 O-O 7. O-O Re8 8. d3 h6 9. a3 Bxc3 10. bxc3 b6 11. h3 Bb7 12. d4 e4 13. Nh2 Nb8 14. a4 a5 15. f4 Nbd7 16. Bd2 Ba6 17. Be1 Nf8 18. Bf2 Qe7 19. Rfe1 Qe6 20. Qa2 Ng6 21. Bf1 Bb7 1/2-1/2

[Event "1.GRS Open"]
[Site "Ober-Ramstadt, Modauhalle"]
[Date "2024.07.26"]
[Round "1.62"]
[White "Marinov, Alexander Valentin"]
[Black "Lerch, Cornelia"]
[Result "0-1"]
[WhiteElo "1588"]
[BlackElo "1806"]
[PlyCount "42"]
[EventDate "2024.07.26"]
[WhiteTeam "SV 1920 Hofheim"]
[BlackTeam "SK 1980 Gernsheim"]

1. e4 c5 2. Nc3 d6 3. d4 cxd4 4. Qxd4 Nc6 5. Qe3 Nf6 6. Bd2 g6 7. O-O-O Bg7 8. f4 O-O 9. Kb1 Ng4 10. Qe1 Qb6 11. h3 Nf2 12. Be3 Bxc3 13. Qxc3 Nxd1 14. Qe1 Nxe3 15. Bd3 Be6 16. a3 Nc4 17. Qc3 Ne3 18. Nf3 Rac8 19. h4 Ne5 20. Qe1 Nxd3 21. cxd3 Qb3 0-1

[Event "1.GRS Open"]
[Site "Ober-Ramstadt, Modauhalle"]
[Date "2024.07.26"]
[Round "1.65"]
[White "Erhardt, Daniel"]
[Black "Rodriguez, Jose"]
[Result "1-0"]
[WhiteElo "1791"]
[BlackElo "1580"]
[PlyCount "37"]
[EventDate "2024.07.26"]
[WhiteTeam "SC Ostfildern 1952 e.V."]
[BlackTeam "Mosbacher SC von 1931"]

1. c4 b6 2. Nc3 Bb7 3. e4 e6 4. g3 Nf6 5. Bg2 Bb4 6. Nge2 d5 7. Qa4+ Nc6 8. exd5 Bxc3 9. Nxc3 exd5 10. cxd5 Qe7+ 11. Kf1 a5 12. d3 b5 13. Qxb5 O-O 14. Qxb7 Nd4 15. Bf4 Rfe8 16. d6 Qd7 17. Qxc7 Qxc7 18. dxc7 Rac8 19. Bb7 1-0

[Event "1.GRS Open"]
[Site "Ober-Ramstadt, Modauhalle"]
[Date "2024.07.26"]
[Round "1.67"]
[White "Yang, Zhifei"]
[Black "Stecay, Anja Christina"]
[Result "1-0"]
[WhiteElo "1786"]
[BlackElo "1550"]
[PlyCount "71"]
[EventDate "2024.07.26"]
[WhiteTeam "Sabt Frankfurter TV 1860"]
[BlackTeam "SF Neuberg"]

1. e4 d6 2. d4 Nf6 3. Nc3 g6 4. f4 Bg7 5. Nf3 Nbd7 6. e5 Ng4 7. Bc4 O-O 8. e6 Nb6 9. exf7+ Kh8 10. Bb3 d5 11. O-O Be6 12. Ng5 Qd7 13. Qd3 Bxf7 14. Ne2 Be6 15. c3 Bf5 16. Qf3 Bh6 17. h3 Nf6 18. Ng3 Bxg5 19. fxg5 Ng8 20. Bf4 e6 21. Be5+ Nf6 22. Bxf6+ Kg8 23. Rae1 Rae8 24. Re2 Qf7 25. Rfe1 c6 26. Nxf5 exf5 27. Re7 Rxe7 28. Rxe7 Qxe7 29. Bxe7 Rf7 30. Qe2 Nc8 31. Bf6 Kf8 32. Qe6 Ne7 33. c4 f4 34. cxd5 cxd5 35. Bxd5 Nxd5 36. Qc8# 1-0

[Event "1.GRS Open"]
[Site "Ober-Ramstadt, Modauhalle"]
[Date "2024.07.26"]
[Round "1.68"]
[White "Liu, Jonas"]
[Black "John, Volkmar"]
[Result "1-0"]
[WhiteElo "1519"]
[BlackElo "1782"]
[PlyCount "67"]
[EventDate "2024.07.26"]
[WhiteTeam "SV Oberursel"]
[BlackTeam "SK Herborn 1946"]

1. e4 c5 2. c3 d5 3. exd5 Qxd5 4. d4 Nf6 5. Nf3 Bg4 6. Be2 e6 7. h3 Bh5 8. O-O Be7 9. Nbd2 cxd4 10. Nxd4 Bxe2 11. Qxe2 O-O 12. N2f3 Nc6 13. Nxc6 Qxc6 14. Bf4 Nd5 15. Bg3 Rfd8 16. Rad1 a6 17. Nd4 Qe8 18. Rfe1 Rd7 19. Nxe6 fxe6 20. Qxe6+ Kh8 21. Rxd5 Rxd5 22. Qxd5 Qf8 23. Qxb7 Bf6 24. Bd6 Qg8 25. Kh2 h6 26. c4 Qc8 27. Qxc8+ Rxc8 28. b3 Kg8 29. Kg3 Kf7 30. Kf3 a5 31. Re4 Rc6 32. c5 Bg5 33. Ke2 Bf6 34. Kd3 1-0

[Event "1.GRS Open"]
[Site "Ober-Ramstadt, Modauhalle"]
[Date "2024.07.26"]
[Round "1.71"]
[White "Olson, Philip Christoph"]
[Black "Rajagopalan,Srinivasan"]
[Result "1-0"]
[WhiteElo "1776"]
[BlackElo "1463"]
[PlyCount "99"]
[EventDate "2024.07.26"]
[WhiteTeam "SC Bad Nauheim"]
[BlackTeam "Offenbach"]

1. e4 e5 2. Nf3 Nc6 3. Bc4 Nf6 4. d3 Bc5 5. c3 d6 6. O-O Be6 7. Bxe6 fxe6 8. b4 Bb6 9. a4 a6 10. Nbd2 O-O 11. Qb3 Qe8 12. h3 Nh5 13. Nc4 Rxf3 14. gxf3 Ba7 15. Kh2 Qf7 16. Be3 Qxf3 17. Qd1 Rf8 18. Qxf3 Rxf3 19. b5 Ne7 20. Bxa7 Nf4 21. Be3 Rxh3+ 22. Kg1 Neg6 23. Rfd1 h5 24. bxa6 bxa6 25. Ra2 Nh4 26. Bxf4 exf4 27. Kf1 g5 28. Ke2 g4 29. Raa1 Nf3 30. Rh1 Nh2 31. Nd2 Kf7 32. Nf1 g3 33. fxg3 fxg3 34. Nxg3 Rxg3 35. Rxh2 Rg5 36. Rf1+ Kg7 37. Kf2 Kf6 38. Ke3+ Kg7 39. Rfh1 Kh6 40. Rb1 e5 41. Rb7 Rg3+ 42. Ke2 Rg7 43. Ra7 Rf7 44. Rxa6 Kg5 45. Ra8 Rh7 46. a5 h4 47. a6 c5 48. a7 Kh5 49. c4 Rb7 50. Rxh4+ 1-0

[Event "1.GRS Open"]
[Site "Ober-Ramstadt, Modauhalle"]
[Date "2024.07.26"]
[Round "1.88"]
[White "Schilz, Daniel"]
[Black "Homfeldt, Maren"]
[Result "1-0"]
[WhiteElo "1775"]
[BlackElo "1441"]
[PlyCount "61"]
[EventDate "2024.07.26"]
[WhiteTeam "SK 1980 Gernsheim"]
[BlackTeam "SC Noris-Tarrasch Nürnberg 1873"]

1. Nf3 d6 2. d4 Nd7 3. g3 g6 4. Bg2 Bg7 5. c4 e6 6. Nc3 Ne7 7. O-O d5 8. b3 h6 9. Bb2 b6 10. Rc1 Bb7 11. Qc2 c6 12. cxd5 Nxd5 13. Nxd5 exd5 14. e4 O-O 15. exd5 cxd5 16. Qc7 Ba6 17. Rfe1 Qxc7 18. Rxc7 Nf6 19. Ree7 Be2 20. Rxe2 a5 21. Ree7 a4 22. b4 a3 23. Bc1 Ne4 24. Ne5 Rac8 25. Bf4 Nc3 26. Rb7 Ne2+ 27. Kf1 Nxd4 28. Nxg6 fxg6 29. Rxg7+ Kh8 30. Rh7+ Kg8 31. Rbg7# 1-0

[Event "1.GRS Open"]
[Site "Ober-Ramstadt, Modauhalle"]
[Date "2024.07.26"]
[Round "1.92"]
[White "Koholka, Jan"]
[Black "Leopold, Patrick"]
[Result "1-0"]
[WhiteElo "1834"]
[BlackElo "1657"]
[PlyCount "51"]
[EventDate "2024.07.26"]

1. e4 c5 2. Nf3 e6 3. d4 cxd4 4. Nxd4 Nf6 5. Nc3 Nc6 6. Ndb5 d6 7. Bf4 e5 8. Bg5 Be7 9. Bxf6 gxf6 10. Nd5 O-O 11. Bd3 a6 12. Nbc3 b5 13. a3 Rb8 14. O-O b4 15. axb4 Nxb4 16. Nxb4 Rxb4 17. b3 Rb6 18. Nd5 Rc6 19. Qh5 a5 20. Kh1 Re8 21. f4 Bf8 22. Bb5 Bd7 23. Bxc6 Bxc6 24. Rxa5 Qxa5 25. Nxf6+ Kg7 26. Qg5+ 1-0

[Event "1.GRS Open"]
[Site "Ober-Ramstadt, Modauhalle"]
[Date "2024.07.28"]
[Round "4.1"]
[White "Korneev, Oleg"]
[Black "Sydykov, Bayastan"]
[Result "1-0"]
[WhiteElo "2459"]
[BlackElo "2268"]
[PlyCount "109"]
[EventDate "2024.07.26"]
[WhiteTeam "TSV Schönaich"]
[BlackTeam "SK 1858 Gießen"]

1. c4 e6 2. Nf3 d5 3. e3 Nf6 4. Nc3 Be7 5. b3 O-O 6. Bb2 c5 7. cxd5 Nxd5 8. Nxd5 Qxd5 9. Bc4 Qd8 10. O-O Nc6 11. d4 cxd4 12. Nxd4 Nxd4 13. Bxd4 Bd7 14. Qh5 Bf6 15. Rad1 Bxd4 16. Rxd4 Qe7 17. Rfd1 Bc6 18. Bb5 g6 19. Qe2 Rac8 20. Bxc6 Rxc6 21. Rd7 Qb4 22. h3 Qb6 23. Qf3 Rc7 24. g4 Rxd7 25. Rxd7 Qa5 26. a4 b5 27. Qc6 a6 28. axb5 axb5 29. Rb7 b4 30. Qb5 Qa1+ 31. Kg2 Qa8 32. Kg3 Qa1 33. Kg2 Qa8 34. e4 Qa1 35. Rb8 Rxb8 36. Qxb8+ Kg7 37. Qxb4 Qe5 38. Qc4 h5 39. b4 hxg4 40. hxg4 Qf4 41. Qc3+ e5 42. f3 f5 43. gxf5 gxf5 44. Qc7+ Kh6 45. Qd6+ Kh5 46. Qf6 Qd2+ 47. Kh3 fxe4 48. Qxe5+ Kh6 49. Qxe4 Qd1 50. Kg4 Qg1+ 51. Kf5 Qg5+ 52. Ke6 Qb5 53. Qf4+ Kg6 54. Qf6+ Kh7 55. Qf5+ 1-0

[Event "1.GRS Open"]
[Site "Ober-Ramstadt, Modauhalle"]
[Date "2024.07.28"]
[Round "4.2"]
[White "Levin, Felix"]
[Black "Baranyai-Molnar, Adam-Kristof"]
[Result "1-0"]
[WhiteElo "2422"]
[BlackElo "2102"]
[PlyCount "86"]
[EventDate "2024.07.26"]
[WhiteTeam "Düsseldorfer SK 14/25"]
[BlackTeam "SF Neuberg"]

1. d4 f5 2. Nf3 Nf6 3. Bf4 d6 4. e3 g6 5. h3 Bg7 6. Be2 O-O 7. O-O Qe8 8. Bh2 Nc6 9. c4 Ne4 10. Bd3 e5 11. dxe5 Nxe5 12. Bxe4 fxe4 13. Nxe5 Bxe5 14. Bxe5 Qxe5 15. Qd4 Qxd4 16. exd4 Be6 17. d5 Bf5 18. Re1 h5 19. Nc3 Rfe8 20. Re3 Re5 21. Rae1 Rae8 22. Kf1 Kg7 23. Ke2 a6 24. Kd2 h4 25. R3e2 c5 26. a4 g5 27. a5 Kg6 28. Re3 Kh5 29. Rb1 Rc8 30. Rbe1 Rce8 31. g4+ hxg3 32. fxg3 g4 33. h4 Kg6 34. Rf1 b5 35. axb6 Rb8 36. b3 Rxb6 37. Ne2 Re7 38. Kc2 Kf6 39. Nc3 Ke5 40. Rf4 Reb7 41. Nd1 a5 42. Nf2 a4 43. Nxg4+ Bxg4 1-0

[Event "1.GRS Open"]
[Site "Ober-Ramstadt, Modauhalle"]
[Date "2024.07.28"]
[Round "4.3"]
[White "Bagrationi, Alexander"]
[Black "Töpfer, Albrecht"]
[Result "1-0"]
[WhiteElo "2409"]
[BlackElo "2133"]
[PlyCount "83"]
[EventDate "2024.07.26"]
[WhiteTeam "Schachverein Hemer 1932"]
[BlackTeam "SC Fulda"]

1. d4 d6 2. Nf3 Nf6 3. c4 Nbd7 4. Nc3 e5 5. e4 Be7 6. Be2 O-O 7. Qc2 c6 8. h3 a6 9. a4 a5 10. Be3 Re8 11. O-O exd4 12. Nxd4 Nc5 13. f4 Bf8 14. Bf3 Qb6 15. Rfe1 Qb4 16. b3 g6 17. Rab1 h5 18. Bf2 Bg7 19. Na2 Qb6 20. e5 dxe5 21. fxe5 Nh7 22. e6 f5 23. Nxf5 gxf5 24. Qxf5 Rxe6 25. Rxe6 Bxe6 26. Qxh5 Qd8 27. Qxc5 Ng5 28. Qe3 Qf6 29. Bh5 Bh6 30. Qd4 Qf5 31. Re1 Rf8 32. h4 Bg7 33. Qc5 Ne4 34. Qxf5 Bxf5 35. Be3 Ng3 36. Bf3 Bc2 37. Bf2 Bxb3 38. Nc1 Bxc4 39. Bxg3 b5 40. Bxc6 b4 41. Kh2 b3 42. Nxb3 1-0

[Event "1.GRS Open"]
[Site "Ober-Ramstadt, Modauhalle"]
[Date "2024.07.28"]
[Round "4.4"]
[White "Marcziter, Dmitrii"]
[Black "Kunin, Vitaly"]
[Result "0-1"]
[WhiteElo "2204"]
[BlackElo "2522"]
[PlyCount "98"]
[EventDate "2024.07.26"]
[WhiteTeam "SG Porz"]
[BlackTeam "FB Mörlenbach-Birkenau"]

1. d4 Nf6 2. c4 e6 3. Nf3 b6 4. a3 Bb7 5. Nc3 g6 6. d5 Bg7 7. g3 c6 8. Bg2 cxd5 9. Nd4 Ne4 10. cxd5 Nxc3 11. bxc3 O-O 12. O-O e5 13. Nb5 d6 14. a4 a6 15. Na3 Nd7 16. Rb1 Qc7 17. c4 Nc5 18. Be3 Bc8 19. Rb4 Bd7 20. Qc2 Rab8 21. Bd2 f5 22. Bh3 e4 23. f4 Qd8 24. a5 bxa5 25. Rxb8 Qxb8 26. Bxa5 Nb3 27. Be1 Qb6+ 28. Kg2 Rb8 29. Bc3 Qe3 30. Bxg7 Kxg7 31. Qb2+ Kf7 32. Nb1 Qd4 33. Qa3 Nc5 34. Qc3 Qxc3 35. Nxc3 Rb4 36. Ra1 Rxc4 37. Nd1 Rc2 38. Kf2 Nd3+ 39. Kf1 Nb4 40. Ne3 Rc3 41. Nd1 Rc5 42. Ne3 a5 43. Rd1 a4 44. g4 fxg4 45. Bxg4 Bxg4 46. Nxg4 Nxd5 47. Ra1 Ra5 48. Nf2 Ne3+ 49. Kg1 d5 0-1

[Event "1.GRS Open"]
[Site "Ober-Ramstadt, Modauhalle"]
[Date "2024.07.28"]
[Round "4.5"]
[White "Engel, Bruno"]
[Black "Poetsch, Hagen"]
[Result "0-1"]
[WhiteElo "2185"]
[BlackElo "2453"]
[PlyCount "63"]
[EventDate "2024.07.26"]
[WhiteTeam "Lübecker SV von 1873"]
[BlackTeam "SC Heusenstamm"]

1. Nf3 Nf6 2. b3 g6 3. Bb2 Bg7 4. e3 c5 5. d4 cxd4 6. exd4 O-O 7. Bd3 Nc6 8. O-O d6 9. a3 Nh5 10. h3 Nf4 11. Re1 Nxd3 12. Qxd3 Bf5 13. Qd2 Rc8 14. c4 d5 15. c5 Be4 16. Ng5 Na5 17. Nxe4 dxe4 18. Qe3 b6 19. Nd2 bxc5 20. Qxe4 cxd4 21. b4 Nc4 22. Nxc4 Rxc4 23. Qxe7 Rc2 24. Rab1 Qxe7 25. Rxe7 Rd8 26. Kf1 Bh6 27. Ree1 d3 28. Bf6 Rdc8 29. Red1 d2 30. Ke2 Rc1 31. Ra1 Re8+ 32. Kf1 0-1

[Event "1.GRS Open"]
[Site "Ober-Ramstadt, Modauhalle"]
[Date "2024.07.28"]
[Round "4.6"]
[White "Stork, Oliver"]
[Black "Papadopoulos, Ioannis"]
[Result "1/2-1/2"]
[WhiteElo "2379"]
[BlackElo "2196"]
[PlyCount "124"]
[EventDate "2024.07.26"]
[WhiteTeam "Klub Kölner Schachfreunde"]
[BlackTeam "SV Oberursel"]

1. c4 e5 2. d3 Nf6 3. Nf3 Nc6 4. g3 d5 5. cxd5 Nxd5 6. Nc3 Be7 7. Nxd5 Qxd5 8. Bg2 Be6 9. O-O Qd8 10. Be3 O-O 11. Rc1 f6 12. a3 Qd7 13. Nd2 Bd5 14. Bxd5+ Qxd5 15. Qb3 Qxb3 16. Nxb3 Rfd8 17. Nc5 Bxc5 18. Rxc5 Rd7 19. Rfc1 a6 20. b4 Rc8 21. b5 axb5 22. Rxb5 Nd8 23. f4 exf4 24. gxf4 Ra8 25. Rc3 Ra6 26. Kf2 Kf7 27. f5 c6 28. Rbc5 b6 29. R5c4 c5 30. d4 Rd5 31. dxc5 Rxf5+ 32. Ke1 bxc5 33. Rxc5 Rxc5 34. Bxc5 Nc6 35. Rb3 Nd8 36. Rb6 Ra4 37. Bb4 g5 38. Kd2 Ne6 39. Kc3 Nf4 40. e4 h5 41. Kb3 Ra8 42. a4 h4 43. Be1 Nd3 44. Bb4 Nxb4 45. Rxb4 Ke6 46. Rb5 Rd8 47. a5 Rd3+ 48. Kc4 Ra3 49. Kc5 g4 50. Kb6 g3 51. hxg3 hxg3 52. a6 g2 53. Rb1 Rb3+ 54. Rxb3 g1=Q+ 55. Kb7 Qg7+ 56. Kb8 Qf8+ 57. Kb7 Qe7+ 58. Kb8 Qd8+ 59. Kb7 Qd7+ 60. Kb8 Qd8+ 61. Kb7 Qd7+ 62. Kb8 Qd8+ 1/2-1/2

[Event "1.GRS Open"]
[Site "Ober-Ramstadt, Modauhalle"]
[Date "2024.07.28"]
[Round "4.7"]
[White "Hirneise, Jens"]
[Black "Mueller, Alexander"]
[Result "1-0"]
[WhiteElo "2300"]
[BlackElo "2145"]
[PlyCount "63"]
[EventDate "2024.07.26"]
[WhiteTeam "SC Böblingen 1975 e.V."]
[BlackTeam "Nürnberg"]

1. e4 c5 2. Nf3 e6 3. d4 cxd4 4. Nxd4 Nc6 5. Nc3 Qc7 6. Ncb5 Qb8 7. Bd3 a6 8. Nxc6 dxc6 9. Nc3 Nf6 10. O-O h5 11. f4 Bc5+ 12. Kh1 Ng4 13. Qe2 e5 14. f5 Qc7 15. a4 Qe7 16. g3 a5 17. Bd2 Qc7 18. Bc4 Bb4 19. h3 Nf6 20. Kg2 b6 21. Rad1 Bb7 22. Bg5 Rd8 23. Rxd8+ Kxd8 24. Rd1+ Kc8 25. Ba6 Kb8 26. Bxb7 Kxb7 27. Na2 Be7 28. Qc4 Rd8 29. Rxd8 Bxd8 30. Nc1 Qd7 31. Nd3 Bc7 32. b4 1-0

[Event "1.GRS Open"]
[Site "Ober-Ramstadt, Modauhalle"]
[Date "2024.07.28"]
[Round "4.8"]
[White "Kovalskyy, Alicia"]
[Black "Chassard, Cedric"]
[Result "0-1"]
[WhiteElo "1762"]
[BlackElo "2244"]
[PlyCount "76"]
[EventDate "2024.07.26"]
[WhiteTeam "Düsseldorfer SV 1854"]
[BlackTeam "SVG Saarbrücken 1970 e.V."]

1. e4 g6 2. d4 Bg7 3. c4 d6 4. Nc3 e5 5. dxe5 dxe5 6. Qxd8+ Kxd8 7. Bg5+ f6 8. O-O-O+ Nd7 9. Be3 c6 10. Bc5 Nh6 11. g3 Nf7 12. Bh3 Kc7 13. Ba3 Nf8 14. Bxc8 Rxc8 15. Nge2 Ne6 16. Rd3 Rcd8 17. Rhd1 Rxd3 18. Rxd3 Re8 19. Nb1 b6 20. h4 a5 21. Nbc3 f5 22. Kd1 h5 23. b3 f4 24. Kc2 Bf6 25. Bb2 Be7 26. Nb1 Bc5 27. Rf3 g5 28. gxf4 g4 29. Rc3 exf4 30. Bc1 f3 31. Ng1 Bxf2 32. Nxf3 gxf3 33. Bf4+ Nxf4 34. Rxf3 Rxe4 35. Nd2 Re7 36. Rxf2 Ne6 37. Ne4 Ne5 38. Rf5 Nd4+ 0-1

[Event "1.GRS Open"]
[Site "Ober-Ramstadt, Modauhalle"]
[Date "2024.07.28"]
[Round "4.9"]
[White "Chua, Ethan"]
[Black "Klundt, Klaus"]
[Result "1/2-1/2"]
[WhiteElo "2131"]
[BlackElo "2262"]
[PlyCount "81"]
[EventDate "2024.07.26"]
[WhiteTeam "Eindhoven"]
[BlackTeam "SC Heusenstamm"]

1. e4 c5 2. Nf3 e6 3. d4 cxd4 4. Nxd4 Nc6 5. Nc3 Qc7 6. Be3 a6 7. Qd2 Nf6 8. f3 Be7 9. g4 b5 10. g5 Nh5 11. O-O-O Bb7 12. Nxc6 dxc6 13. f4 Rd8 14. Qf2 Rxd1+ 15. Nxd1 c5 16. Bg2 e5 17. f5 Nf4 18. h4 f6 19. gxf6 Bxf6 20. Nc3 O-O 21. Nd5 Nxd5 22. exd5 e4 23. Rd1 Qe5 24. c3 Be7 25. Bh3 Bd6 26. Kb1 Re8 27. h5 h6 28. f6 Qxf6 29. Qxf6 gxf6 30. Be6+ Kh8 31. Rg1 Bc8 32. Rg6 Bxe6 33. Rxf6 Bxd5 34. Rxh6+ Kg8 35. Rxd6 Re5 36. h6 Rh5 37. Rd8+ Kh7 38. Rd7+ Kg6 39. Rd6+ Kh7 40. Rd7+ Kg6 41. Rd6+ 1/2-1/2

[Event "1.GRS Open"]
[Site "Ober-Ramstadt, Modauhalle"]
[Date "2024.07.28"]
[Round "4.10"]
[White "Volkov, Mykyta"]
[Black "Martin, Reiner"]
[Result "0-1"]
[WhiteElo "2306"]
[BlackElo "1951"]
[PlyCount "64"]
[EventDate "2024.07.26"]
[WhiteTeam "Elberfelder SG"]
[BlackTeam "SC Bad Soden"]

1. d4 Nf6 2. c4 c5 3. d5 e6 4. Nc3 exd5 5. cxd5 d6 6. Nf3 g6 7. Nd2 Bg7 8. e4 O-O 9. Be2 Re8 10. O-O a6 11. a4 Nbd7 12. h3 Rb8 13. Ra3 Qc7 14. Ra2 b6 15. Re1 Bb7 16. b3 Qd8 17. Rc2 Qe7 18. g3 h5 19. Bf1 Nxd5 20. Nxd5 Bxd5 21. Bxa6 Qe6 22. Bb5 Rbd8 23. Bb2 Re7 24. Bxg7 Kxg7 25. Re3 Bb7 26. Nc4 Nf6 27. Kh2 h4 28. e5 Nd5 29. exd6 Nxe3 30. Qa1+ f6 31. Nxe3 hxg3+ 32. fxg3 Qxe3 0-1

[Event "1.GRS Open"]
[Site "Ober-Ramstadt, Modauhalle"]
[Date "2024.07.28"]
[Round "4.11"]
[White "Waffenschmidt, Joachim"]
[Black "Weber, Samuel"]
[Result "0-1"]
[WhiteElo "2000"]
[BlackElo "2220"]
[PlyCount "132"]
[EventDate "2024.07.26"]
[WhiteTeam "SV 1920 Hofheim"]
[BlackTeam "SV Oberursel"]

1. d4 Nf6 2. c4 g6 3. Nc3 Bg7 4. e4 d6 5. Nf3 O-O 6. Be2 e5 7. Be3 Na6 8. O-O Qe7 9. dxe5 dxe5 10. h3 c6 11. a3 Nc5 12. Qc2 Nh5 13. Rfd1 a5 14. Bf1 Nf4 15. Rab1 Na6 16. Na4 Ne6 17. c5 Re8 18. Rd2 Qf8 19. Rbd1 f5 20. exf5 gxf5 21. Nb6 e4 22. Nxa8 exf3 23. Bxa6 bxa6 24. Qc4 Kh8 25. Nb6 f4 26. Bd4 Bxd4 27. Rxd4 Qg7 28. g4 fxg3 29. Rg4 gxf2+ 30. Kf1 Qxb2 31. Nxc8 Ng7 32. Re4 Rxc8 33. Qd4 Qb5+ 34. Kxf2 Qb8 35. Qe5 Qb3 36. Qd4 h5 37. Qe3 Qb2+ 38. Rd2 Qb8 39. Qh6+ Kg8 40. Qd6 Qb1 41. Qg6 Rf8 42. Rg4 Qa1 43. Rg3 Qc3 44. Qxg7+ Qxg7 45. Rxg7+ Kxg7 46. Rd6 Rf6 47. Rd7+ Kg6 48. h4 Kf5 49. Rd4 Ke5 50. Ra4 Rf4 51. Rxa5 Rxh4 52. Rxa6 Kd5 53. Kxf3 Rh3+ 54. Ke2 Kxc5 55. Ra8 h4 56. a4 Ra3 57. a5 Kb5 58. Rh8 h3 59. Rh5+ c5 60. Kf1 Rc3 61. Rh8 Rc1+ 62. Kf2 h2 63. Rxh2 Rc2+ 64. Kg3 Rxh2 65. Kxh2 c4 66. Kg3 c3 0-1

[Event "1.GRS Open"]
[Site "Ober-Ramstadt, Modauhalle"]
[Date "2024.07.28"]
[Round "4.12"]
[White "Kostenko, Lev"]
[Black "Hinrichs, Paul"]
[Result "0-1"]
[WhiteElo "1970"]
[BlackElo "2256"]
[PlyCount "68"]
[EventDate "2024.07.26"]
[WhiteTeam "SK 1945 Fürth"]
[BlackTeam "Sfr.Heidesheim"]

1. e4 e5 2. Nf3 Nc6 3. d4 exd4 4. Bc4 Nf6 5. e5 Ne4 6. O-O d5 7. exd6 Nxd6 8. Bd5 Be7 9. Nxd4 Nxd4 10. Qxd4 O-O 11. Qd1 c6 12. Bb3 Bf5 13. Be3 Bg6 14. c3 Nf5 15. Bf4 Bc5 16. Qf3 Qh4 17. h3 Rfd8 18. Nd2 h6 19. Ne4 Bb6 20. Rad1 Rxd1 21. Rxd1 Rd8 22. Rxd8+ Qxd8 23. Qg4 Ne7 24. Nd6 Nd5 25. Nxb7 Qe7 26. Qc8+ Kh7 27. Bg3 Qe1+ 28. Kh2 Ne3 29. fxe3 Qxe3 30. h4 Qg1+ 31. Kh3 Qh1+ 32. Bh2 Bg1 33. Qc7 Bf5+ 34. g4 Qf3+ 0-1

[Event "1.GRS Open"]
[Site "Ober-Ramstadt, Modauhalle"]
[Date "2024.07.28"]
[Round "4.14"]
[White "Stuhlmann, Florian"]
[Black "Minor, Samuel"]
[Result "0-1"]
[WhiteElo "1944"]
[BlackElo "2202"]
[PlyCount "66"]
[EventDate "2024.07.26"]
[WhiteTeam "SC Königsflügel Lindenholzhausen"]
[BlackTeam "Wiesbadener SV 1885"]

1. d4 Nf6 2. c4 e6 3. Nc3 Bb4 4. Qc2 O-O 5. Nf3 c5 6. dxc5 Na6 7. g3 Nxc5 8. Bg2 Nce4 9. O-O Nxc3 10. bxc3 Be7 11. e4 d6 12. e5 dxe5 13. Nxe5 Qc7 14. Qe2 Bd6 15. Bf4 Nd7 16. Nxd7 Bxd7 17. Bxd6 Qxd6 18. Bxb7 Rab8 19. Rfd1 Qe7 20. Bg2 Ba4 21. Rd4 Qa3 22. c5 Qxc3 23. Rxa4 Qxa1+ 24. Bf1 Rfc8 25. Qc4 Rb1 26. Rxa7 Rc1 27. Qa6 R1xc5 28. Ra8 Qc3 29. a4 g5 30. Be2 Rxa8 31. Qxa8+ Kg7 32. Bh5 Qd4 33. g4 Rc1+ 0-1

[Event "1.GRS Open"]
[Site "Ober-Ramstadt, Modauhalle"]
[Date "2024.07.28"]
[Round "4.15"]
[White "Pabel, Ralph"]
[Black "Agrest, Inna"]
[Result "0-1"]
[WhiteElo "1860"]
[BlackElo "2194"]
[PlyCount "62"]
[EventDate "2024.07.26"]
[WhiteTeam "SK 1929 Mainaschaff"]
[BlackTeam "SC Viernheim 1934 e.V."]

1. d4 Nf6 2. c4 g6 3. Nc3 Bg7 4. e4 d6 5. Be3 O-O 6. Be2 Nc6 7. g4 e5 8. d5 Nd4 9. f3 c6 10. h4 Qb6 11. Qd2 Nc2+ 12. Qxc2 Qxe3 13. Qd2 Qxd2+ 14. Kxd2 h5 15. g5 Nh7 16. Nh3 f6 17. gxf6 Bxf6 18. Nf2 Kf7 19. Kc2 Rg8 20. Rag1 Bd7 21. Nd3 Rac8 22. Nf2 Rg7 23. Kb3 Rcg8 24. Nd3 Ke7 25. a3 Nf8 26. Rg2 Be8 27. c5 Bf7 28. Kb4 Nd7 29. Rgg1 dxc5+ 30. Nxc5 a5+ 31. Kc4 b5+ 0-1

[Event "1.GRS Open"]
[Site "Ober-Ramstadt, Modauhalle"]
[Date "2024.07.28"]
[Round "4.16"]
[White "Riedel, Thomas"]
[Black "Petersen, Henrik"]
[Result "0-1"]
[WhiteElo "1845"]
[BlackElo "2194"]
[PlyCount "68"]
[EventDate "2024.07.26"]
[WhiteTeam "SC Einrich e.V."]
[BlackTeam "SV 03/25 Koblenz"]

1. e4 c6 2. d4 d5 3. f3 dxe4 4. fxe4 e5 5. Nf3 Bg4 6. Bc4 Nd7 7. O-O Ngf6 8. c3 Bd6 9. Qb3 O-O 10. Ng5 Qe7 11. Qxb7 Rab8 12. Qxc6 Rb6 13. Qa4 h6 14. Nxf7 Rxf7 15. Bxf7+ Qxf7 16. h3 Bxh3 17. gxh3 Qg6+ 18. Kh1 Qxe4+ 19. Kg1 Qg6+ 20. Kf2 exd4 21. Qc4+ Kh7 22. cxd4 Rb4 23. Qc6 Ne4+ 24. Kf3 Rxd4 25. Bf4 Ng5+ 26. Kg2 Ne6+ 27. Kh1 Nxf4 28. Nc3 Nxh3 29. Qg2 Nf2+ 30. Qxf2 Qh5+ 31. Kg2 Qg4+ 32. Kh1 Qh3+ 33. Kg1 Rg4+ 34. Qg2 Rxg2# 0-1